| 000 | 00753 a2200217 4500 | ||
|---|---|---|---|
| 003 | Nust | ||
| 005 | 20170207154220.0 | ||
| 022 | _a 0195116909 | ||
| 040 | _cNust | ||
| 082 | _a 621.382 | ||
| 100 | _aSedra, Adel S. | ||
| 245 |
_aMicroelectronic circuits / _cAdel S. Sedra, Kenneth C. Smith. |
||
| 250 | _a6th ed | ||
| 260 |
_aNew York : _bOxford University Press, _c2009 |
||
| 300 | _axv,1395 p | ||
| 505 | _a Part-1: Devices and Basic Circuits (Page-2) Part-2: Integrated Circuit Amplifiers (Page-490) Part-3: Digital Integrated Circuits (Page-1058) Part IV: Filters and Oscillators (Page-1252). | ||
| 538 | _aAlmirah No.25 Shelf No.6 | ||
| 650 | _aTelecommunication engineering | ||
| 651 | _a Integrated circuits. | ||
| 700 | _4Kenneth C. Smith. | ||
| 942 |
_2ddc _cBK |
||
| 999 |
_c195239 _d195239 |
||